Historias de vida en el mundo del reciclaje. (Registro nro. 20501)

Detalles MARC
000 -CABECERA
Campo de control 00725nam a22002177a 4500
005 - FECHA Y HORA DE LA ULTIMA TRANSACCION
Campo de control 20191017045307.0
008 - ELEMENTOS DE LONGITUD FIJA—INFORMACION GENERAL
Campo de control 191017b xxu||||| |||| 00| 0 spa d
020 ## - ISBN
ISBN 9789588888064
040 ## - FUENTE DE CATALOGACIÓN
Agencia catalogadora original CO-BoIAVH
Agencia transcriptora CO-BoIAVH
041 ## - IDIOMA
Código de idioma para texto/pista de sonido o título separado Español
044 ## - PAÍS DE PUBLICACIÓN
País de publicación Colombia
082 ## - NUMERO DE CLASIFICACION DECIMAL DEWEY
Número de clasificación 306.4
Número del ítem C71h
110 1# - ASIENTO PRINCIPAL--NOMBRE CORPORATIVO
9 (RLIN) 90424
Nombre corporativo o de jurisdicción como elemento de entrada Colombia.
Unidad subordinad Alcaldía de Medellín
245 ## - MENCION DE TITULO
Título Historias de vida en el mundo del reciclaje.
260 ## - PUBLICACION, DISTRIBUCION, ETC. (PIE DE IMPRENTA)
Lugar de publicación, distribución, etc. Medellín:
Nombre del editor, distribuidor, etc. Medellín todos por la vida,
Fecha de publicación, distribución, etc. 2014.
300 ## - DESCRIPCION FISICA
Extensión 61 Páginas:
Otros detalles físicos ilustraciones,
Dimensiones 23 x 16 cm.
650 #0 - ASIENTO SECUNDARIO DE MATERIA - TERMINO TEMATICO
9 (RLIN) 1162
Término temático o nombre geográfico como elemento de entrada Proyectos ambientales
650 #0 - ASIENTO SECUNDARIO DE MATERIA - TERMINO TEMATICO
9 (RLIN) 101712
Término temático o nombre geográfico como elemento de entrada Reciclaje
Subdivisión geográfica Medellín
710 1# - ASIENTO SECUNDARIO - NOMBRE CORPORATIVO
9 (RLIN) 48423
Nombre corporativo o de jurisdicción como elemento de entrada Antioquia (Colombia).
Unidad subordinada Gobernación.
-- Secretaría del Medio Ambiente.
942 ## - ELEMENTOS ADICIONALES (KOHA)
Sistema de clasificación Dewey Decimal Classification
Tipo de ítem Libro
Existencias
Withdrawn status Lost status Sistema de Clasificación Damaged status No para préstamo Colección Ubicación Permanente Ubicación actual Fecha de adquisición Total Checkouts Número topográfico Inventario / Código de Barras Date last seen Ejemplar Price effective from Forma de adquisición Tipo de material
    Dewey Decimal Classification     General Bogotá Bogotá 17/10/2019   LB-306.4 C71h 043605 17/10/2019 Ej.1 17/10/2019 Canje Libro